| 000 | 00900nam a2200265 i 4500 | ||
|---|---|---|---|
| 003 | EG-GICUC | ||
| 005 | 20260202105303.0 | ||
| 008 | 260202s1932 sz ||||fr|||| 000 0 fre d | ||
| 040 |
_aEG-GiCUC _bfre _cEG-GiCUC _dEG-GiCUC _eRda |
||
| 082 | 0 | 4 |
_221 _a341.22 _bAN |
| 092 | 0 | 4 | _221 |
| 099 | _aLaw1 11 341.22 AN 1932 | ||
| 245 | 0 | 3 |
_aL'année De La Société Des Nations : _b1 Octobre 1930 30 Septembre 1931 / _c |
| 264 | 1 |
_aGeneve : _bSection D'information Secrétariat De La Société Des Nations, _c1932. |
|
| 300 |
_a246page : _billustration ; _c 24 cm. |
||
| 336 |
_2rda contenu _a texte |
||
| 337 |
_2rda medias _aOrdinateur |
||
| 338 |
_2 transporteur rda _a Ressource en ligne |
||
| 546 | _aTexte en français | ||
| 650 | 1 | 4 |
_aDroit international public _2 |
| 651 | 1 | _2 | |
| 856 | 4 | 0 | _uhttps://fll.law.cu.edu.eg/fulltext/bks/B11-05538.pdf |
| 905 | _a50 | ||
| 942 |
_2ddc _cBK _e21 _n0 |
||
| 999 |
_c60222 _d60222 |
||